000 00685nam a2200253Ia 4500
003 OSt
005 20220918170125.0
006 a|||||r|||| 00| 0
007 ta
008 220917b |||||||| |||| 00| 0 eng d
020 _a9004104526
024 _a46,989
037 _cTextual
040 _aARTS
_cARTS
_beng
041 _2eng
_aeng
082 _aO28,1:g(S:5), N6.1-.2
100 _aSperl S
_927196
245 0 _aQasida poetry Islamic Asia and Africa
260 _aLeiden
_bE J Brill
_c1996
650 _aENGLISH LITERATURE
700 _a Shackle C
_920371
942 _hO28,1:g(S:5), N6.1-.2
_cTEXL
_2CC
999 _c132717
_d132717